000 00468nam a2200157Ia 4500
005 20260601193246.0
008 260601s9999||||xx |||||||||||||| ||und||
020 _a978-3-658-44006-0
_qebk
100 _aFrank Witte
245 0 _aMetrics for Test Reporting
250 _a2024
260 _aHeidelberg, Germany
_bSpringer Nature
_c2024
650 _aComputer Science
856 _uhttps://link.springer.com/openurl?genre=book&isbn=978-3-658-44006-0
942 _cEB
_2ddc
999 _c56564
_d56564